Top ten least guessed capitals. - Statistics

General Stats
  • This quiz has been taken 14 times
  • The average score is 6 of 10
Answer Stats
percentage guessed capital % Correct
15% Nukuʻalofa
85%
14% Ngerulmud
77%
15% South Tarawa
69%
16% Yaren
69%
15% Honiara
62%
15% Majuro
62%
15% Palikir
46%
16% Gitega
31%
16% Malabo
31%
16% Nouakchott
23%
No matching quizzes found
Score Distribution
Percent of People with Each Score
Percentile by Number Answered
Your Score History
You have not taken this quiz